=LDR 00000nam 2200000 4500 =001 INLIS000000000061317 =005 20221006084830 =035 ##$$a 0010-1022000058 =007 ta =008 221006###########################0#ind## =020 ##$$a 978-602-95980-8-7 =082 ##$$a 899.221 3 =084 ##$$a 899.221 3 Hen d =100 #$$a Henry James =245 1#$$a Daisy Miller /$c Henry James =250 ##$$a Cet.1 =260 ##$$a Surabaya :$b Liris,$c 2011 =300 ##$$a viii,110 hlm. ; $c 21 Cm. =650 #4$$a Fiksi Indonesia =990 ##$$a 31653165